| 000 | 00671cab a2200217 4500 | ||
|---|---|---|---|
| 001 | WB3509-38 | ||
| 008 | 090401t1999 xxu||||| |||| 00| 0 eng d | ||
| 035 | _a(Sirsi) u91731 | ||
| 041 | _aeng | ||
| 245 | _aGovernment puts small business first | ||
| 260 | _c1999 | ||
| 350 | _a0 | ||
| 490 |
_aTimes _v2 March 1999, 35(1) |
||
| 520 | _aThe DTI has published a consultation document on company law reform addressing the needs of small businesses, in the most wide-ranging review of company law for 40 years. (See also WB3508-30). | ||
| 650 | _aCOMPANY LAW | ||
| 650 | _aDTI | ||
| 650 | _aSMALL BUSINESSES | ||
| 690 | _aLAW | ||
| 942 | _n0 | ||
| 948 | _c03/03/1999 | ||
| 999 |
_c58222 _d58222 |
||